History Quiz

Random History or Clickable Quiz

Country by Battle Quiz Stats

 Plays Quiz Updated Jan 5, 2016

Support Sporcle.
Go Orange.
Score 0/45 Timer 06:00
0 Plays Today
% Correct
Gettysburg
91.7%
Bunker Hill
87%
Berlin
81.6%
Fredericksburg
78.1%
Hastings
76.5%
Québec
76.3%
Okinawa
75.8%
Shanghai
75.6%
Jerusalem
73.9%
Thermopylae
73%
The Pyramids
72.8%
Iwo Jima
70.3%
Kursk
70.1%
Leipzig
70%
Marathon
68.9%
Nanking
67%
Stirling Bridge
66%
Monte Cassino
63.5%
Incheon
60.6%
Shuangduiji
60.1%
El Alamein (2nd)
59.7%
Sinai
56.6%
Teutoburg Forest
55.6%
% Correct
Hansan-do
52.3%
Queenston Heights
50.3%
Vimy Ridge
49%
Valmy
47.9%
Königsberg
46%
Rorke's Drift
45.4%
Sekigahara
43.8%
Actium
40%
Trebia
38.4%
Osan
38.3%
Isandlwana
37%
Sedan
34.1%
Lake Trasimene
33.4%
The Plains of Abraham
31.8%
Naseby
31.7%
Borodino
31.5%
Spion Kop
29.7%
Issus
28.8%
Megiddo
25.1%
Sinop
23.4%
Granicus
20.2%
Arsuf
19.8%

You're not logged in!

Compare scores with friends on all Sporcle quizzes.
OR
Log In

From the Vault

Royal Flush

by googlebird

This quiz just might turn you into a gambler.
Remove Ads.
Support Sporcle.
Get the best of Sporcle when you Go Orange. This ad-free experience offers more features, more stats, and more fun while also helping to support Sporcle. Thank you for becoming a member.

Show Comments

Extras

Top Quizzes Today


Score Distribution

Your Account Isn't Verified!

In order to create a playlist on Sporcle, you need to verify the email address you used during registration. Go to your Sporcle Settings to finish the process.

Report this User

Report this user for behavior that violates our Community Guidelines.

Details: